Stations de métro parisiennes et gares commençant par JETPUNK - Statistiques

Statistiques générales
  • Ce quiz a été pris 70 fois
  • Le résultat moyen est 10 sur 29
Statistiques - réponses
Indice Réponse % Correct
J Stations de métro Jacques Bonsergent | Jasmin | Jaurès | Javel-André Citroën | Jourdain | Jules Joffrin | Jussieu ✔ (7)
93%
P Stations de métro Palais-Royal - Musée du Louvre | Parmentier | Passy | Pasteur | Pelleport | Père Lachaise | Pereire | Pernety | Philippe Auguste | Picpus | Pigalle | Pierre et Marie Curie | Place d'Italie | Place de Clichy | Place des Fêtes | Place Monge | Plaisance | Pointe du Lac | Poissonière | Pont de Levallois - Bécon | Pont de Neuilly | Pont de Sèvres | Pont Cardinet | Pont Marie | Pont-Neuf | Porte Dauphine | Porte d'Auteuil | Porte de Bagnolet | Porte de Champerret | Porte de Charenton | Porte de Choisy | Porte de Clichy | Porte de Clignancourt | Porte de la Chapelle | Porte de la Villette | Porte de Montreuil | Porte de Pantin | Porte de Saint-Cloud | Porte de Saint-Ouen | Porte de Vanves | Porte de Versailles | Porte de Vincennes | Porte des Lilas | Porte d'Italie | Porte d'Ivry | Porte Dorée | Porte d'Orléans | Porte Maillot | Pré-Saint-Gervais | Pyramides | Pyrénées ✔ (51)
80%
T Stations de métro Télégraphe | Temple | Ternes | Thais-Orly (Pont de Rungis) | Tolbiac | Trinité d'Estienne d'Orves | Trocadéro | Tuileries ✔ (8)
69%
J Stations de RER Javel | Joinville-le-Pont | Juvisy ✔ (3)
62%
N Stations de RER Nanterre Préfecture | Nanterre Université | Nanterre Ville | Nanterre-la-Folie | Nation | Neuilly Porte Maillot | Neuilly-Plaisance | Neuville Université | Nogent - Le Perreux | Nogent-sur-Marne | Noisiel | Noisy - Champs | Noisy-le-Grand - Mont d'Est | Noisy-le-Sec ✔ (14)
60%
E Stations de métro Ecole Militaire | Ecole Vétérinaire de Maisons Alfort | Edgar Quinet | Eglise d'Auteuil | Eglise de Pantin | Esplanade de la Défense | Etienne Marcel | Europe | Excelmans ✔ (9)
58%
K Stations de métro Kléber ✔ (1)
56%
N Stations de métro Nation | Nationale | Notre-Dame des Champs | Notre-Dame-de-Lorette ✔ (4)
56%
P Stations de Trammay Pablo Neruda | Parc André Malraux | Parc de Saint-Cloud | Parc des Chanteraines | Parc des Sports | Parc du Château | Parc Pierre Lagravère | Paul Eluard | Paul Valéry | Pavé Blanc | Petit Noisy | Petit Pierrefitte | Petit Vaux | Petit-Châtenay | Pierre de Geyter | Pierrefitte - Stains | Place de la Logistique | Pont de Bezons | Pont de Bondy | Pont du Garigliano | Porte d'Aubervilliers | Porte d'Issy | Porte d'Italie | Porte d'Ivry | Porte d'Orléans | Place Dauphine (Avenue Foch) | Porte de Bagnolet | Porte de Champerret | Porte de Charenton | Porte de Choisy | Porte de Clichy - Tribunal de Paris | Porte de Clignancourt | Porte de l'Essonne | Porte de la Chapelle | Porte de la Villette (Cité des Sciences et de l'Industrie) | Porte de Montreuil | Porte de Pantin - Parc de la Villette | Porte de Rungis | Porte de Saint-Ouen | Porte de Vanves | Porte de Versailles - Parc des Expositions | Porte de Vincennes | Porte des Lilas | Porte Dorée | Porte Maillot (Palais des Congrès) | Poterne des Peupliers ✔ (46)
53%
P Stations de RER Palaiseau | Palaiseau - Villebon | Pantin | Parc de Sceaux | Parc des Expositions | Péreire Levallois | Pierrefitte - Stains | Pierrelaye | Poissy | Pont de l'Alma | Pont de Rungis - Aéroport d'Orly | Pont du Garigliano - Hôpital européen Georges Pompidou | Ponthierry - Pringy | Pontoise | Porchefontaine | Port Royal | Porte de Clichy | Porte Maillot | Provins ✔ (19)
51%
E Stations de RER Ecouen-Ezanville | Egly | Emerainville - Pontault-Combault| Epinay-sur-Orge | Epinay-sur-Seine | Ermont-Eaubonne | Essonnes Robinson | Etampes | Etréchy | Evry-Courcouronnes | Evry-Val de Seine ✔ (11)
45%
E Gares de TGV Esches | Epernon | Etampes | Etigny-Véron | Epernay | Etaples-Le-Touquet | Evian-les-Bains | Epinal | Essen Hbf | Elne | Erfurt Hbf ✔ (11)
40%
P Stations de Transilien Persan - Beaumont | Petit Jouy les Loges | Pierrelaye | Plaisir - Grignon | Plaisir - Les Clayes | Poissy | Pont Cardinet | Pont Petit | Pontoise | Précy-sur-Oise | Presles - Courcelles | Provins | Puteaux ✔ (13)
36%
E Stations de Trammay Ella Fitzgerald | Epinay - Orgemont | Epinay - Villetaneuse | Epinay-sur-Orge | Epinay-sur-Seine | Epinettes - Pouchet | Esbly | Escadrille Normandie-Niemen | Evry-Courcouronnes ✔ (9)
36%
T Stations de Transilien Tacoignières - Richebourg | Taverny | Thieux - Nantouillet | Thomery | Thun le Paradis | Tournan | Trappes | Trie-Château | Triel-sur-Seine | Trilport ✔ (10)
27%
N Gares de TGV Noyelles-sur-Mer | Nevers | Nuits-sous-Ravières | Nogent sur Seine | Nancy-Ville | Nantes | Narbonne | Nice-Ville | Nîmes | Nimes-Pont-du-Gard | Niort | Nurieux | Naucelle ✔ (13)
27%
T Gares de TGV Tergnier | Tonnerre | Tournus | Toul | Tarbes | La Teste | TGV-Haute-Picardie | Thionville | Thonon-les-Bains |Toulon | Toulouse-Matabiau | Tourcoing | Tours | Turin-Porta-Susa | Camp de Tarragone | Tarascon-sur-Ariège ✔ (16)
25%
T Stations de RER Torcy | Tournan ✔ (2)
25%
P Gares de TGV Persan Beaumont | Pont-Sainte-Maxence | Pau | Perpignan | Plouaret-Trégor | Poitiers | Pornichet | Le Pouliguen | Pamiers | Porté-Puymorens | Port-Vendres | Port-la-Nouvelle ✔ (12)
24%
J Stations de transilien Jouy-en-Josas | Juziers ✔ (2)
18%
J Stations de Trammay Jacqueline Auriol | Jacques Prévert | Jacques-Henri Lartigue | Jardin Parisien | Jean Moulin | Jean Rostand | Jean Vilar | Joncherolles ✔ (8)
18%
N Stations de Transilien Nangis | Nanterre-Université | Nanteuil - Sâacy | Nanteuil-le-Haudouin | Nemours-Saint-Pierre | Neuville Université | Nézel - Aulnay | Nogent l'Artaud - Charly | Nointel - Mours ✔ (9)
16%
U Stations de Transilien Us ✔ (1)
15%
E Stations de Transilien Ecouen Ezanville | Enghein-les-Bains | Epinay-Villetaneuse | Epône-Mézières | Eragny - Neuville | Ermont-Eaubonne | Ermont-Halte | Esbly ✔ (8)
15%
U Gares de TGV Ulm Hbf | Uzerche ✔ (2)
5%
J Gares de TER Joigny ✔ (1)
4%
K Gares de TGV Kaiserslautern Hbf | Karlsruhe Hbf | Kehl Staatsgrenze ✔ (3)
2%
T Stations de Trammay Théâtre Gérard Philippe | Théâtre La Piscine | Thérèse Pierre | Timbaud | Traité de Rome | Trois Communes ✔ (6)
2%
N Stations de Trammay Noisy-le-Roi | Notre-Dame-des-Anges | Noveos | ✔ (3)
0%
Aucun quiz correspondant
Distribution des résultats
% des personnes avec chaque résultat
Percentile par nombre de réponses
Votre historique - résultats
Vous n’avez pas pris ce quiz